| 000 | 00792nam a22002417a 4500 | ||
|---|---|---|---|
| 999 |
_c957 _d957 |
||
| 001 | 1826 | ||
| 003 | BD-DhUAP | ||
| 005 | 20200129122111.0 | ||
| 008 | 200129s1993 il ||||| |||| 00| 0 eng d | ||
| 020 | _a0256118272 | ||
| 040 |
_aBD-DhUAP _bEng _cBD-DhUAP _dBD-DhUAP |
||
| 082 |
_223 _a658.15 ROS |
||
| 100 | _aRos, Stephen A. | ||
| 245 |
_aStudent problem manual for use with fundamentals of corporate finance / _cStephen A Ross, Randolph W. Westerfield and Bradford D. J. |
||
| 250 | _a2nd ed. | ||
| 260 |
_aBurr Ridge, Ill. : _bIrwin, _c©1993. |
||
| 300 |
_avii, 274 pages ; _c26 cm. |
||
| 650 |
_aCorporations _v Finance. |
||
| 650 |
_aCorporations _vFinance _xProblems, exercises, etc. |
||
| 700 | _aWesterfield, Randolph W. | ||
| 700 | _aJordan, Bradford D. | ||
| 942 |
_2ddc _cBK |
||